Hindu Succession Act, 1956 (Record no. 9585)

MARC details
000 -LEADER
fixed length control field 00421nam a22001697a 4500
005 - DATE AND TIME OF LATEST TRANSACTION
control field 20260402121102.0
008 - FIXED-LENGTH DATA ELEMENTS--GENERAL INFORMATION
fixed length control field 260402b |||||||| |||| 00| 0 eng d
041 ## - LANGUAGE CODE
Language English
082 ## - DEWEY DECIMAL CLASSIFICATION NUMBER
Classification number 346.052 GUP
100 ## - MAIN ENTRY--PERSONAL NAME
Main Author Name Gupte, A.G,
245 ## - TITLE STATEMENT
Title Hindu Succession Act, 1956
250 ## - EDITION STATEMENT
Edition 2nd
260 ## - PUBLICATION, DISTRIBUTION, ETC.
Place of publication Allahabad :
publisher Name Premier Publishing Company,
Date of publication 2014.
300 ## - PHYSICAL DESCRIPTION
Number Of Page 415 p
650 ## - SUBJECT ADDED ENTRY--TOPICAL TERM
Subject Hindu Succession Act
942 ## - ADDED ENTRY ELEMENTS (KOHA)
Koha item type Donated Book
Holdings
Lost status Source of classification or shelving scheme Not for loan Home library Current library Date last seen Koha item type School Total Checkouts Full call number Barcode Copy number Price effective from Withdrawn status Date acquired Source of acquisition
  Dewey Decimal Classification   BSOL BSOL 02/04/2026 Donated Book School of Law   346.052 GUP G733 1 02/04/2026   02/04/2026 prithivi Raj

Maintained and Designed by
2cqr automation private limited, Chennai. All Rights Reserved.

You are Visitor Number

PHP Hits Count